00350pab a2200133 454500008004000000100001900040245005800059260000900117300001300126362000800139650003300147650002500180773001100205180718b2003 xxu||||| |||| 00| 0 eng d aSharma, Dinesh aManagement education in India - need for a fresh look c2003 ap.12-13. aFeb aManagement education - India aManagement education aYojana